<?xml version="1.0" encoding="UTF-8"?>
<record
    xmlns:xsi="http://www.w3.org/2001/XMLSchema-instance"
    xsi:schemaLocation="http://www.loc.gov/MARC21/slim http://www.loc.gov/standards/marcxml/schema/MARC21slim.xsd"
    xmlns="http://www.loc.gov/MARC21/slim">

  <leader>01635nam a2200349 a 4500</leader>
  <controlfield tag="005">20240702092913.0</controlfield>
  <controlfield tag="008">100510t1972||||sp a . f |||| 001 0 spa d</controlfield>
  <datafield tag="041" ind1=" " ind2=" ">
    <subfield code="a">spa</subfield>
  </datafield>
  <datafield tag="092" ind1=" " ind2=" ">
    <subfield code="c">611</subfield>
    <subfield code="l">82</subfield>
    <subfield code="s">TES</subfield>
  </datafield>
  <datafield tag="100" ind1="1" ind2=" ">
    <subfield code="a">Testut, L.</subfield>
    <subfield code="9">145</subfield>
  </datafield>
  <datafield tag="245" ind1=" " ind2=" ">
    <subfield code="a">Tratado de Anatom&#xED;a Humana.</subfield>
    <subfield code="b">T.3 Meninges. Sistema Nervioso Perif&#xE9;rico. &#xD3;rganos de los sentidos. Aparato de la respiraci&#xF3;n y de la fonaci&#xF3;n. Gl&#xE1;ndulas de secreci&#xF3;n interna /</subfield>
    <subfield code="c">L. Testut</subfield>
  </datafield>
  <datafield tag="250" ind1=" " ind2=" ">
    <subfield code="a">9a ed. revisada, corregida y aumentada</subfield>
    <subfield code="b">Dibujos de G. Devy y S. Dupret</subfield>
  </datafield>
  <datafield tag="260" ind1=" " ind2=" ">
    <subfield code="a">Barcelona: </subfield>
    <subfield code="b">Salvat;</subfield>
    <subfield code="c">1972.</subfield>
  </datafield>
  <datafield tag="300" ind1=" " ind2=" ">
    <subfield code="a">1142 p.</subfield>
    <subfield code="b">1019 grabados, varios en color.</subfield>
  </datafield>
  <datafield tag="500" ind1=" " ind2=" ">
    <subfield code="a">Testut, L. y Latarjet, A. (1972). Tratado de anatom&#xED;a humana. T.3 Meninges. Sistema Nervioso Perif&#xE9;rico. &#xD3;rganos de los sentidos. Aparato de la respiraci&#xF3;n y de la fonaci&#xF3;n. Gl&#xE1;ndulas de secreci&#xF3;n interna. (9a ed.). Barcelona : Salvat.</subfield>
  </datafield>
  <datafield tag="653" ind1=" " ind2=" ">
    <subfield code="a">Meninges</subfield>
  </datafield>
  <datafield tag="653" ind1=" " ind2=" ">
    <subfield code="a">Sistema Nervioso Periferico</subfield>
  </datafield>
  <datafield tag="653" ind1=" " ind2=" ">
    <subfield code="a">Nervios craneales</subfield>
  </datafield>
  <datafield tag="653" ind1=" " ind2=" ">
    <subfield code="a">Nervios raquideos</subfield>
  </datafield>
  <datafield tag="653" ind1=" " ind2=" ">
    <subfield code="a">Constituci&#xF3;n general del Sistema Nervioso Vegetativo</subfield>
  </datafield>
  <datafield tag="653" ind1=" " ind2=" ">
    <subfield code="a">Estudio macrosc&#xF3;pico del Sistema Nervio Organovegetativo</subfield>
  </datafield>
  <datafield tag="653" ind1=" " ind2=" ">
    <subfield code="a">Organos de los sentidos</subfield>
  </datafield>
  <datafield tag="653" ind1=" " ind2=" ">
    <subfield code="a">Sentido del tacto (piel y sus anexos)</subfield>
  </datafield>
  <datafield tag="653" ind1=" " ind2=" ">
    <subfield code="a">Sentido del gusto (lengua)</subfield>
  </datafield>
  <datafield tag="653" ind1=" " ind2=" ">
    <subfield code="a">Sentido del olfato (fosas nasales y pituitaria)</subfield>
  </datafield>
  <datafield tag="653" ind1=" " ind2=" ">
    <subfield code="a">Sentido de la vista (ojo y sus anexos)</subfield>
  </datafield>
  <datafield tag="653" ind1=" " ind2=" ">
    <subfield code="a">Sentido del o&#xED;do</subfield>
  </datafield>
  <datafield tag="653" ind1=" " ind2=" ">
    <subfield code="a">Aparato de la respiraci&#xF3;n y de la fonaci&#xF3;n</subfield>
  </datafield>
  <datafield tag="653" ind1=" " ind2=" ">
    <subfield code="a">Gl&#xE1;ndulas de secreci&#xF3;n interna o gl&#xE1;ndulas endrocrinas</subfield>
  </datafield>
  <datafield tag="700" ind1="1" ind2=" ">
    <subfield code="a">Latarjet, A.</subfield>
    <subfield code="9">146</subfield>
  </datafield>
  <datafield tag="942" ind1=" " ind2=" ">
    <subfield code="2">ddc</subfield>
    <subfield code="c">BK</subfield>
  </datafield>
  <datafield tag="999" ind1=" " ind2=" ">
    <subfield code="c">2422</subfield>
    <subfield code="d">2422</subfield>
  </datafield>
  <datafield tag="952" ind1=" " ind2=" ">
    <subfield code="0">0</subfield>
    <subfield code="1">0</subfield>
    <subfield code="2">ddc</subfield>
    <subfield code="4">0</subfield>
    <subfield code="7">0</subfield>
    <subfield code="a">BFM</subfield>
    <subfield code="b">BFM</subfield>
    <subfield code="c">CR</subfield>
    <subfield code="d">2017-06-16</subfield>
    <subfield code="e">Donacion H&#xE9;ctor Defilpo, Junio 2017.</subfield>
    <subfield code="l">0</subfield>
    <subfield code="o">611 82 TES</subfield>
    <subfield code="p">3876</subfield>
    <subfield code="r">2017-06-16</subfield>
    <subfield code="t">Ej.1</subfield>
    <subfield code="w">2017-06-16</subfield>
    <subfield code="y">BK</subfield>
    <subfield code="z">Donacion H&#xE9;ctor Defilpo, Junio 2017. Hemeroteca 2022</subfield>
    <subfield code="f"></subfield>
  </datafield>
  <datafield tag="952" ind1=" " ind2=" ">
    <subfield code="0">0</subfield>
    <subfield code="1">0</subfield>
    <subfield code="2">ddc</subfield>
    <subfield code="4">0</subfield>
    <subfield code="7">0</subfield>
    <subfield code="a">BFM</subfield>
    <subfield code="b">BFM</subfield>
    <subfield code="c">CR</subfield>
    <subfield code="d">2018-05-04</subfield>
    <subfield code="e">Donaci&#xF3;n Dr. Gallardo, Andr&#xE9;s. Mayo 2018</subfield>
    <subfield code="l">0</subfield>
    <subfield code="o">611 82 TES</subfield>
    <subfield code="p">4228</subfield>
    <subfield code="r">2018-05-04</subfield>
    <subfield code="t">Ej. 2</subfield>
    <subfield code="w">2018-05-04</subfield>
    <subfield code="y">BK</subfield>
    <subfield code="z">Donaci&#xF3;n Dr. Gallardo, Andr&#xE9;s. Mayo 2018. Hemeroteca 2022</subfield>
    <subfield code="f"></subfield>
  </datafield>
  <datafield tag="952" ind1=" " ind2=" ">
    <subfield code="0">0</subfield>
    <subfield code="1">0</subfield>
    <subfield code="2">ddc</subfield>
    <subfield code="4">0</subfield>
    <subfield code="7">0</subfield>
    <subfield code="a">BFM</subfield>
    <subfield code="b">BFM</subfield>
    <subfield code="c">CR</subfield>
    <subfield code="d">2022-08-29</subfield>
    <subfield code="e">Donaci&#xF3;n de Leonardo Orellana Kittsteiner, agosto 2022</subfield>
    <subfield code="l">2</subfield>
    <subfield code="o">611 82 TES</subfield>
    <subfield code="p">4784</subfield>
    <subfield code="r">2024-06-06</subfield>
    <subfield code="s">2024-05-30</subfield>
    <subfield code="t">Ej.3</subfield>
    <subfield code="w">2022-08-29</subfield>
    <subfield code="y">BK</subfield>
    <subfield code="z">Donaci&#xF3;n de Leonardo Orellana Kittsteiner, agosto 2022.</subfield>
    <subfield code="f"></subfield>
  </datafield>
</record>
